| 000 | 00445nam a22001817a 4500 | ||
|---|---|---|---|
| 003 | MPLRDC | ||
| 005 | 20220104124516.0 | ||
| 008 | 210129b ||||| |||| 00| 0 eng d | ||
| 082 | _a308 NDWK v.2 c.2 | ||
| 100 | _a李荧台等合译 | ||
| 245 |
_a美日科技争霸战 _c |
||
| 250 | _a初版 | ||
| 260 |
_a _b牛顿出版社 _c1985 |
||
| 300 | _b平 | ||
| 490 | _a牛顿文库. 2 | ||
| 650 | _a科学丛书 | ||
| 942 |
_cBK _o308 NDWK v.2 c.2 |
||
| 999 |
_c19896 _d19886 |
||